[Event "Leipzig VfB op 21st"]
[Site "Leipzig"]
[Date "2014.03.06"]
[Round "4"]
[White "Mertens, Lothar"]
[Black "Lehmann, Lothar"]
[Result "0-1"]
[WhiteElo "1636"]
[BlackElo "1918"]
[PlyCount "65"]
[EventDate "2014.03.04"]
[EventType "tourn"]
[EventRounds "9"]
[EventCountry "GER"]
[SourceTitle "CBM 159 Extra"]
[Source "ChessBase"]
[SourceDate "2014.04.24"]
[SourceVersion "1"]
[SourceVersionDate "2014.04.24"]
[SourceQuality "1"]

1. e4 c5 2. Nf3 a6 3. d4 cxd4 4. Nxd4 e5 5. Nf3 Nc6 6. Be2 Nf6 7. Nbd2 Bc5 8. 0-0 0-0 9. b3 b5 10. Bb2 Re8 11. a4 b4 12. Bd3 Bb7 13. Re1 Ng4 14. Re2 Qb6 15. Qe1 d6 16. h3 Nf6 17. Nc4 Qa7 18. Rd1 Rad8 19. Ne3 Ne7 20. Bc4 Nxe4 21. Nd5 Nxd5 22. Bxd5 Bxd5 23. Rxd5 f5 24. Kf1 Rc8 25. Nd2 Bxf2 26. Rxf2 Qxf2+ 27. Qxf2 Nxf2 28. Nc4 Rxc4 29. bxc4 Ne4 30. a5 Rc8 31. c5 Rxc5 32. Rxc5 Nxc5 33. Ke2 0-1

[Event "Leipzig VfB op 21st"]
[Site "Leipzig"]
[Date "2014.03.04"]
[Round "1"]
[White "Lehmann, Lothar"]
[Black "Brylski, Nils"]
[Result "1-0"]
[WhiteElo "1918"]
[BlackElo "1351"]
[PlyCount "57"]
[EventDate "2014.03.04"]
[EventType "tourn"]
[EventRounds "9"]
[EventCountry "GER"]
[SourceTitle "CBM 159 Extra"]
[Source "ChessBase"]
[SourceDate "2014.04.24"]
[SourceVersion "1"]
[SourceVersionDate "2014.04.24"]
[SourceQuality "1"]

1. d4 d5 2. Nf3 Nf6 3. g3 Bf5 4. Bg2 e6 5. 0-0 c5 6. c4 Nc6 7. cxd5 Nxd5 8. a3 Nf6 9. dxc5 Bxc5 10. Nc3 0-0 11. b4 Bb6 12. Bb2 h6 13. Qb3 Rc8 14. Rfd1 Qe7 15. Rac1 Ng4 16. e3 Rfd8 17. Na4 Bc7 18. Nh4 Nge5 19. Nxf5 exf5 20. Qc3 f6 21. Bd5+ Kh8 22. Nc5 Bd6 23. Be6 Nf3+ 24. Kg2 Be5 25. Qc2 Bxb2 26. Qxb2 Nce5 27. Bxc8 Rxc8 28. Qb3 b6 29. Qe6 1-0

[Event "Leipzig VfB op 20th"]
[Site "Leipzig"]
[Date "2013.03.07"]
[Round "5"]
[White "Lehmann, Lothar"]
[Black "Mertin, Felix"]
[Result "1/2-1/2"]
[WhiteElo "1922"]
[BlackElo "1666"]
[PlyCount "54"]
[EventDate "2013.03.05"]
[EventType "swiss"]
[EventRounds "9"]
[EventCountry "GER"]
[SourceTitle "EXT 2014"]
[Source "ChessBase"]
[SourceDate "2013.11.20"]
[SourceVersion "1"]
[SourceVersionDate "2013.11.20"]
[SourceQuality "1"]

1. e4 d5 2. exd5 Nf6 3. d4 Nxd5 4. Nf3 Bg4 5. Be2 e6 6. 0-0 Be7 7. c4 Nf6 8. Nc3 0-0 9. h3 Bh5 10. Bf4 a6 11. g4 Bg6 12. Ne5 Bd6 13. Bf3 c6 14. Qe2 Qe7 15. Nxg6 hxg6 16. Bg5 Nbd7 17. Rfe1 Rfe8 18. Rad1 Qf8 19. Qd2 e5 20. Bg2 exd4 21. Qxd4 Bc5 22. Qd2 Rxe1+ 23. Rxe1 Qd6 24. Rd1 Qxd2 25. Rxd2 Re8 26. Bf1 Kf8 27. Kh1 b5 1/2-1/2

[Event "Leipzig VfB op 20th"]
[Site "Leipzig"]
[Date "2013.03.05"]
[Round "1"]
[White "Lehmann, Lothar"]
[Black "Van Dyk, Dietmar"]
[Result "1-0"]
[WhiteElo "1922"]
[BlackElo "1483"]
[PlyCount "69"]
[EventDate "2013.03.05"]
[EventType "swiss"]
[EventRounds "9"]
[EventCountry "GER"]
[SourceTitle "EXT 2014"]
[Source "ChessBase"]
[SourceDate "2013.11.20"]
[SourceVersion "1"]
[SourceVersionDate "2013.11.20"]
[SourceQuality "1"]

1. d4 d5 2. Nf3 Nf6 3. c4 e6 4. Nc3 Be7 5. Bg5 0-0 6. e3 h6 7. Bf4 Re8 8. cxd5 exd5 9. Bd3 c6 10. h3 Nbd7 11. 0-0 Nf8 12. Qc2 Bd6 13. Ne5 Ne6 14. Bh2 Ng5 15. Rac1 Nge4 16. f3 Nxc3 17. Qxc3 Qe7 18. a3 Nd7 19. Nxd7 Bxh2+ 20. Kxh2 Bxd7 21. e4 Be6 22. e5 Rac8 23. f4 f5 24. Qc2 Rf8 25. Rf3 b6 26. Ba6 Rc7 27. Rc3 Bd7 28. b4 Rb8 29. b5 c5 30. dxc5 Rxc5 31. Rxc5 bxc5 32. Qxc5 Qxc5 33. Rxc5 d4 34. Rd5 Be8 35. a4 1-0

[Event "Leipzig VfB op 16th"]
[Site "Leipzig"]
[Date "2009.04.01"]
[Round "3"]
[White "Lehmann, Lothar"]
[Black "Peil, Christoph"]
[Result "0-1"]
[WhiteElo "1939"]
[BlackElo "1742"]
[PlyCount "88"]
[EventDate "2009.03.31"]
[EventType "swiss"]
[EventRounds "9"]
[EventCountry "GER"]
[SourceTitle "EXT 2010"]
[Source "ChessBase"]
[SourceDate "2010.11.25"]
[SourceVersion "1"]
[SourceVersionDate "2010.11.25"]
[SourceQuality "1"]

1. e4 c5 2. Nf3 e6 3. d4 cxd4 4. Nxd4 Nc6 5. Be2 Nf6 6. Nc3 Bb4 7. Nxc6 bxc6 8. Qd4 Qa5 9. 0-0 Bc5 10. Qd3 d5 11. e5 Nd7 12. Qg3 g6 13. Bf4 Ba6 14. Rfe1 Bxe2 15. Rxe2 Rb8 16. Nd1 Qa6 17. Rd2 Bb6 18. c3 Bc7 19. Ne3 h6 20. h4 h5 21. b3 Nc5 22. f3 Nd7 23. Rad1 Ba5 24. Nc4 Bxc3 25. Nd6+ Kf8 26. Rc2 Qb6+ 27. Kh1 Bd4 28. Rxd4 Qxd4 29. Rxc6 Kg7 30. Rc7 Rbd8 31. Kh2 Rhf8 32. Nf5+ exf5 33. e6 Qf6 34. exd7 Qe6 35. Bd6 Rh8 36. Qe5+ Qxe5+ 37. Bxe5+ f6 38. Bd6 Kf7 39. Rxa7 Ke6 40. Bc5 Rxd7 41. Ra6+ Ke5 42. Ra4 d4 43. f4+ Ke4 44. Kg3 Rc8 0-1

[Event "Leipzig VfB op 14th"]
[Site "Leipzig"]
[Date "2007.03.23"]
[Round "6"]
[White "Effer Uhe, Daniel"]
[Black "Lehmann, Lothar"]
[Result "1-0"]
[WhiteElo "1923"]
[BlackElo "1996"]
[PlyCount "105"]
[EventDate "2007.03.20"]
[EventType "swiss"]
[EventRounds "9"]
[EventCountry "GER"]
[SourceTitle "EXT 2008"]
[Source "ChessBase"]
[SourceDate "2007.11.25"]
[SourceVersion "1"]
[SourceVersionDate "2007.11.25"]
[SourceQuality "1"]

1. e4 c6 2. d4 d5 3. e5 Bf5 4. g4 Bg6 5. h4 h5 6. e6 hxg4 7. Bd3 Bxd3 8. exf7+ Kxf7 9. Qxd3 Nf6 10. Bf4 g6 11. f3 Qd7 12. Nd2 Qf5 13. Qe3 Nbd7 14. 0-0-0 Nh5 15. fxg4 Qxg4 16. Nh3 Nxf4 17. Rdf1 Nf6 18. Nxf4 Bh6 19. Rhg1 Bxf4 20. Rxf4 Qe6 21. Qd3 Rag8 22. Nf3 Ke8 23. Ng5 Qd6 24. Qe3 Rg7 25. Ne6 Rgg8 26. Nc5 b6 27. Nb7 Qc7 28. Rxf6 Qxb7 29. Rfxg6 Rf8 30. Qg5 Qc7 31. h5 Qf4+ 32. Qxf4 Rxf4 33. Rh1 Rxd4 34. Rxc6 Kd7 35. Rg6 Rf4 36. h6 Rf6 37. Rxf6 exf6 38. Kd2 Ke6 39. Ke3 Kf5 40. Kd4 Kg6 41. Rg1+ Kxh6 42. Rh1+ Kg7 43. Rxh8 Kxh8 44. Kxd5 Kg7 45. c4 Kf7 46. Kd6 Kg6 47. b4 f5 48. Ke5 Kg5 49. c5 bxc5 50. bxc5 f4 51. Ke4 Kg4 52. c6 f3 53. c7 1-0

[Event "Leipzig VfB op 14th"]
[Site "Leipzig"]
[Date "2007.03.20"]
[Round "1"]
[White "Lehmann, Lothar"]
[Black "Hoffmann, Jakob"]
[Result "1-0"]
[WhiteElo "1996"]
[BlackElo "1192"]
[PlyCount "65"]
[EventDate "2007.03.20"]
[EventType "swiss"]
[EventRounds "9"]
[EventCountry "GER"]
[SourceTitle "EXT 2008"]
[Source "ChessBase"]
[SourceDate "2007.11.25"]
[SourceVersion "1"]
[SourceVersionDate "2007.11.25"]
[SourceQuality "1"]

1. e4 d6 2. d4 g6 3. Nf3 Bg7 4. Bc4 e6 5. 0-0 Nf6 6. Nc3 0-0 7. Bf4 h6 8. h3 Nbd7 9. Qd2 Kh7 10. Rad1 Nb6 11. Bb3 Qe7 12. a4 a5 13. Rfe1 c6 14. e5 dxe5 15. dxe5 Ng8 16. Ne4 Bd7 17. Be3 Nd5 18. Bc5 Qd8 19. Bxf8 Qxf8 20. c4 Nb6 21. c5 Nd5 22. Nd6 Bc8 23. Bxd5 cxd5 24. Nd4 Ne7 25. Qf4 f5 26. exf6 Qxf6 27. Qxf6 Bxf6 28. Nxe6 Bxe6 29. Rxe6 Kg7 30. Nxb7 Rc8 31. Rde1 Rc7 32. Nd6 Rd7 33. Ne8+ 1-0

[Event "Leipzig VfB op 13th"]
[Site "Leipzig"]
[Date "2006.03.18"]
[Round "7"]
[White "Lehmann, Lothar"]
[Black "Schultz, Andreas"]
[Result "0-1"]
[WhiteElo "2008"]
[BlackElo "2241"]
[PlyCount "30"]
[EventDate "2006.03.14"]
[EventType "swiss"]
[EventRounds "9"]
[EventCountry "GER"]
[SourceTitle "EXT 2008"]
[Source "ChessBase"]
[SourceDate "2007.11.25"]
[SourceVersion "1"]
[SourceVersionDate "2007.11.25"]
[SourceQuality "1"]

1. d4 Nf6 2. Nf3 g6 3. c4 Bg7 4. Nc3 d6 5. h3 0-0 6. Bf4 c5 7. e3 Qa5 8. Bd3 Nc6 9. 0-0 Nh5 10. Bg5 cxd4 11. exd4 Bxd4 12. Nxd4 Qxg5 13. Nxc6 bxc6 14. Qf3 Rb8 15. Ne4 Qf4 0-1

[Event "Leipzig VfB op 13th"]
[Site "Leipzig"]
[Date "2006.03.18"]
[Round "8"]
[White "Pohl, Gunnar"]
[Black "Lehmann, Lothar"]
[Result "1/2-1/2"]
[WhiteElo "1691"]
[BlackElo "2008"]
[PlyCount "51"]
[EventDate "2006.03.14"]
[EventType "swiss"]
[EventRounds "9"]
[EventCountry "GER"]
[SourceTitle "EXT 2008"]
[Source "ChessBase"]
[SourceDate "2007.11.25"]
[SourceVersion "1"]
[SourceVersionDate "2007.11.25"]
[SourceQuality "1"]

1. d4 Nf6 2. Nf3 e6 3. c4 b6 4. a3 Bb7 5. Nc3 Be7 6. Qc2 d5 7. cxd5 exd5 8. Bf4 0-0 9. g3 c5 10. Bg2 Nbd7 11. 0-0 a6 12. Rfd1 Rc8 13. Be5 c4 14. Bh3 Ra8 15. Qf5 Bc8 16. Bg2 Nxe5 17. Qxe5 Bd6 18. Qg5 h6 19. Qd2 Re8 20. Qc2 Ra7 21. e4 dxe4 22. Ne5 Qc7 23. Nxe4 Nxe4 24. Bxe4 Bxe5 25. dxe5 Rxe5 26. Qxc4 1/2-1/2

[Event "Leipzig VfB op 13th"]
[Site "Leipzig"]
[Date "2006.03.16"]
[Round "5"]
[White "Sabrowski, Uwe"]
[Black "Lehmann, Lothar"]
[Result "1-0"]
[WhiteElo "2113"]
[BlackElo "2008"]
[PlyCount "57"]
[EventDate "2006.03.14"]
[EventType "swiss"]
[EventRounds "9"]
[EventCountry "GER"]
[SourceTitle "EXT 2008"]
[Source "ChessBase"]
[SourceDate "2007.11.25"]
[SourceVersion "1"]
[SourceVersionDate "2007.11.25"]
[SourceQuality "1"]

1. d4 Nf6 2. c4 e6 3. Nc3 b6 4. e4 d5 5. cxd5 exd5 6. e5 Ne4 7. Bd3 Nxc3 8. bxc3 c6 9. f4 f5 10. Nf3 Be7 11. Qc2 0-0 12. 0-0 Be6 13. Ng5 Qd7 14. g4 g6 15. Be3 Bxg5 16. fxg5 c5 17. dxc5 Nc6 18. gxf5 gxf5 19. Bb5 Qc7 20. cxb6 axb6 21. Qf2 Rab8 22. Rac1 Na5 23. Qg3 Nc4 24. Bxc4 Qxc4 25. Rf4 Qc7 26. Rh4 Rf7 27. Rh6 Qd7 28. Rb1 b5 29. a4 1-0

[Event "Leipzig VfB op 13th"]
[Site "Leipzig"]
[Date "2006.03.15"]
[Round "3"]
[White "Nerlich, Vincent"]
[Black "Lehmann, Lothar"]
[Result "0-1"]
[WhiteElo "1743"]
[BlackElo "2008"]
[PlyCount "76"]
[EventDate "2006.03.14"]
[EventType "swiss"]
[EventRounds "9"]
[EventCountry "GER"]
[SourceTitle "EXT 2008"]
[Source "ChessBase"]
[SourceDate "2007.11.25"]
[SourceVersion "1"]
[SourceVersionDate "2007.11.25"]
[SourceQuality "1"]

1. e4 c5 2. b3 d6 3. Bb2 e6 4. Nf3 Nf6 5. Bb5+ Bd7 6. Bxd7+ Qxd7 7. d3 Nc6 8. c4 Be7 9. 0-0 0-0 10. Re1 Rad8 11. Nc3 a6 12. d4 cxd4 13. Nxd4 Rfe8 14. Re3 Qc7 15. Rc1 Qb6 16. Na4 Qa7 17. Rg3 Kh8 18. Nxc6 bxc6 19. Qe2 e5 20. Rd3 c5 21. Nc3 Qb7 22. Rcd1 Rd7 23. Bc1 h6 24. Qf3 Kg8 25. Re1 Qc8 26. Qg3 Kh7 27. f4 Nh5 28. Qf3 Nxf4 29. Bxf4 exf4 30. Nd5 Qd8 31. Qxf4 Bg5 32. Qf3 Re5 33. g3 f5 34. h4 Qe8 35. hxg5 fxe4 36. Qf5+ Kg8 37. gxh6 Rf7 38. h7+ Kh8 0-1

[Event "Leipzig VfB op 12th"]
[Site "Leipzig"]
[Date "2005.03.05"]
[Round "8"]
[White "Goettert, Stefan"]
[Black "Lehmann, Lothar"]
[Result "1-0"]
[WhiteElo "2196"]
[BlackElo "2012"]
[PlyCount "103"]
[EventDate "2005.01.03"]
[EventType "swiss"]
[EventRounds "9"]
[EventCountry "GER"]
[SourceTitle "EXT 2008"]
[Source "ChessBase"]
[SourceDate "2007.11.25"]
[SourceVersion "1"]
[SourceVersionDate "2007.11.25"]
[SourceQuality "1"]

1. Nf3 d6 2. e4 c5 3. d3 g6 4. g3 Bg7 5. Bg2 Nc6 6. c3 Bg4 7. h3 Bxf3 8. Qxf3 Nf6 9. 0-0 0-0 10. Be3 Rc8 11. Qe2 b5 12. Nd2 a5 13. Rfc1 e5 14. Kh2 Nd7 15. a4 b4 16. Nc4 Nb6 17. Nxb6 Qxb6 18. f4 Qa6 19. f5 f6 20. Bf3 Kf7 21. Qf1 Rc7 22. Be2 bxc3 23. bxc3 Qa7 24. h4 Ne7 25. Rab1 Rb8 26. fxg6+ hxg6 27. g4 Rxb1 28. Rxb1 Kg8 29. Rb5 d5 30. Qb1 d4 31. Bd2 Nc6 32. Qb3+ Kh7 33. c4 Bf8 34. Qd1 Bd6 35. Qf1 Rf7 36. Qf3 Kg8 37. Rb1 Qd7 38. Bf1 Nb4 39. Qd1 f5 40. gxf5 gxf5 41. Bh3 Kf8 42. Bh6+ Ke8 43. Qh5 Bf8 44. Bxf8 Kxf8 45. Qh8+ Ke7 46. Qxe5+ Kd8 47. Bxf5 Qxa4 48. Qb8+ Ke7 49. Qc7+ Ke8 50. Qc8+ Ke7 51. Qxc5+ Ke8 52. Rg1 1-0

[Event "Leipzig VfB op 10th"]
[Site "Leipzig"]
[Date "2003.03.11"]
[Round "1"]
[White "Klovans, Janis"]
[Black "Lehmann, Lothar"]
[Result "1-0"]
[WhiteElo "2427"]
[BlackElo "1797"]
[PlyCount "47"]
[EventDate "2003.03.11"]
[EventType "swiss"]
[EventRounds "9"]
[EventCountry "GER"]
[SourceTitle "EXT 2008"]
[Source "ChessBase"]
[SourceDate "2007.11.25"]
[SourceVersion "1"]
[SourceVersionDate "2007.11.25"]
[SourceQuality "1"]

1. e4 c5 2. Nf3 d6 3. d4 cxd4 4. Nxd4 Nf6 5. Nc3 e6 6. Be2 Be7 7. 0-0 0-0 8. f4 Nc6 9. Be3 a6 10. Kh1 Qc7 11. Qe1 Bd7 12. Qg3 b5 13. a3 Nxd4 14. Bxd4 Bc6 15. Bd3 g6 16. f5 e5 17. Be3 Rfd8 18. Bh6 Nh5 19. Qh3 Rd7 20. Nd5 Bxd5 21. exd5 Qd8 22. fxg6 hxg6 23. Rxf7 Nf4 24. Bxf4 1-0

[Event "Leipzig VfB op 09th"]
[Site "Leipzig"]
[Date "2002.03.08"]
[Round "6"]
[White "Lehmann, Lothar"]
[Black "Lehmann, Karl Heinz"]
[Result "0-1"]
[WhiteElo "1888"]
[BlackElo "2301"]
[PlyCount "80"]
[EventDate "2002.03.05"]
[EventType "swiss"]
[EventRounds "9"]
[EventCountry "GER"]
[SourceTitle "EXT 2007"]
[Source "ChessBase"]
[SourceDate "2006.11.23"]
[SourceVersion "1"]
[SourceVersionDate "2006.11.23"]
[SourceQuality "1"]

1. d4 Nf6 2. c4 e6 3. Nf3 Bb4+ 4. Nbd2 b6 5. a3 Bxd2+ 6. Bxd2 Bb7 7. Bg5 d6 8. g3 h6 9. Bxf6 Qxf6 10. Bg2 0-0 11. 0-0 e5 12. dxe5 dxe5 13. Qc2 Rd8 14. Rad1 Nd7 15. Rd2 e4 16. Nd4 Nc5 17. Rfd1 e3 18. fxe3 Qe5 19. Bxb7 Qxe3+ 20. Kg2 Nxb7 21. Qd3 Qxd3 22. Rxd3 Nc5 23. R3d2 Re8 24. Nb5 Nb3 25. Nxc7 Nxd2 26. Rxd2 Red8 27. Nd5 Kf8 28. e4 Rac8 29. Rc2 Re8 30. Kf3 Re5 31. g4 g6 32. Rc3 h5 33. h3 hxg4+ 34. hxg4 Kg7 35. Kf4 f6 36. b3 Rh8 37. Rg3 Rh1 38. Nc3 Ra1 39. a4 Ra3 40. Nb5 g5+ 0-1

[Event "Leipzig VfB op 09th"]
[Site "Leipzig"]
[Date "2002.03.07"]
[Round "5"]
[White "Bielmeier, Ludwig"]
[Black "Lehmann, Lothar"]
[Result "0-1"]
[WhiteElo "2169"]
[BlackElo "1888"]
[PlyCount "152"]
[EventDate "2002.03.05"]
[EventType "swiss"]
[EventRounds "9"]
[EventCountry "GER"]
[SourceTitle "EXT 2007"]
[Source "ChessBase"]
[SourceDate "2006.11.23"]
[SourceVersion "1"]
[SourceVersionDate "2006.11.23"]
[SourceQuality "1"]

1. d4 Nf6 2. Nf3 b6 3. g3 Bb7 4. c4 c5 5. d5 g6 6. Bg2 Bg7 7. Nc3 0-0 8. 0-0 d6 9. Nd2 a6 10. Rb1 Nbd7 11. e4 Qc7 12. a4 Rab8 13. f4 Ne8 14. Nf3 Bc8 15. Qe2 Ndf6 16. Bd2 Bg4 17. h3 Bxf3 18. Rxf3 Nd7 19. Kh2 Bd4 20. h4 Ng7 21. Bh3 h5 22. Re1 Rbe8 23. Qd1 f5 24. exf5 gxf5 25. Qc2 Nf6 26. Ne2 Ng4+ 27. Bxg4 hxg4 28. Rff1 Bf6 29. Nc3 Qd8 30. Kg2 Qd7 31. Rh1 Kh7 32. Qd3 Qb7 33. Kh2 Bd4 34. Rhf1 Qd7 35. b3 Rf7 36. Re2 Ref8 37. Rfe1 Kg8 38. Nd1 Bf6 39. Bc3 Bxc3 40. Nxc3 Re8 41. Kg1 Rf6 42. Re3 Kf7 43. Qe2 Kf8 44. Qh2 Rh6 45. Qc2 Kg8 46. Qd3 Rf6 47. R3e2 Kf8 48. Ra1 a5 49. Rae1 Qb7 50. Kf2 Qd7 51. Re3 Qb7 52. Nb5 Qd7 53. Qc3 Rh6 54. Qd3 Rf6 55. Nc3 Qb7 56. Ke2 Qd7 57. Kd2 Rh6 58. Nd1 Rh5 59. Nf2 Rh6 60. Re6 Rf6 61. h5 Nxe6 62. Rxe6 Kg7 63. h6+ Kh8 64. Nd1 Rxe6 65. dxe6 Qxe6 66. Ne3 Rf8 67. Nd5 Kh7 68. Qc3 Kxh6 69. Nxb6 Qe4 70. Qxa5 Qg2+ 71. Kc1 Qxg3 72. Nd5 Qxb3 73. Nb6 Qe3+ 74. Kc2 Qxf4 75. Qa7 Qe4+ 76. Kd2 g3 0-1

[Event "Leipzig VfB op 09th"]
[Site "Leipzig"]
[Date "2002.03.07"]
[Round "4"]
[White "Ehrhardt, Eric"]
[Black "Lehmann, Lothar"]
[Result "0-1"]
[WhiteElo "1717"]
[BlackElo "1888"]
[PlyCount "94"]
[EventDate "2002.03.05"]
[EventType "swiss"]
[EventRounds "9"]
[EventCountry "GER"]
[SourceTitle "EXT 2007"]
[Source "ChessBase"]
[SourceDate "2006.11.23"]
[SourceVersion "1"]
[SourceVersionDate "2006.11.23"]
[SourceQuality "1"]

1. e4 c5 2. d4 cxd4 3. c3 d5 4. exd5 Qxd5 5. Nf3 Nf6 6. cxd4 e6 7. Nc3 Qd8 8. a3 Be7 9. Bc4 0-0 10. 0-0 Nc6 11. Be3 b6 12. Qe2 Bb7 13. Rac1 Rc8 14. Rfd1 Nb8 15. Ne5 a6 16. Ba2 b5 17. Bb1 Nbd7 18. Bg5 Nd5 19. Bxe7 Qxe7 20. Nxd7 Qxd7 21. Ne4 Nf4 22. Qg4 Bxe4 23. Bxe4 Ng6 24. Bxg6 hxg6 25. Rc3 Rxc3 26. bxc3 Qd5 27. Rd3 Rc8 28. Qh4 Qh5 29. Qe4 Rxc3 30. g4 Rc1+ 31. Kg2 Qd5 32. Qxd5 exd5 33. f3 Rc4 34. Kf2 g5 35. Ke3 Kf8 36. f4 gxf4+ 37. Kxf4 f6 38. h4 a5 39. g5 b4 40. gxf6 gxf6 41. Kf5 Rc3 42. Rd2 Rxa3 43. Kxf6 a4 44. h5 Rf3+ 45. Ke6 b3 46. h6 a3 47. h7 Kg7 0-1